| 000 | 00342nam a2200121Ia 4500 | ||
|---|---|---|---|
| 008 | 170221s9999 xx 000 0 und d | ||
| 245 | _aLEADERSHIP STYLES IN SMES: AN EXPLORATORY STUDY IN ROMANIA | ||
| 260 | _bManagement & Marketing | ||
| 260 | _c2012 | ||
| 300 | _a7 : 1 | ||
| 650 | _xMarketing. | ||
| 856 | _uhttp://www.mnmk.ro/en/nrcrt.php | ||
| 999 |
_c314035 _d314035 |
||